[Event "Titled Tuesday intern op 20th Jun Late"]
[Site "Chess.com INT"]
[Date "2023.06.20"]
[Round "5"]
[White "Arabidze, Meri"]
[Black "Krishnakumar, Sriram"]
[Result "1-0"]
[WhiteElo "2446"]
[BlackElo "2187"]
[PlyCount "97"]
[EventDate "2023.06.20"]
[EventType "swiss (blitz)"]
[EventRounds "11"]
[EventCountry "USA"]
[SourceTitle "EXT 2024"]
[Source "ChessBase"]
[SourceDate "2023.10.10"]
[SourceVersion "1"]
[SourceVersionDate "2023.10.10"]
[SourceQuality "1"]

1. d4 d5 2. c4 c6 3. Nf3 Nf6 4. Nbd2 e6 5. e3 Nbd7 6. b3 Bd6 7. Bb2 0-0 8. Bd3 b6 9. 0-0 Bb7 10. Ne5 Qe7 11. f4 Ba3 12. Bxa3 Qxa3 13. Rf3 c5 14. Nxd7 Nxd7 15. Rh3 f5 16. Nf3 h6 17. Rg3 a5 18. Ne5 Nxe5 19. fxe5 a4 20. Rb1 axb3 21. Rxb3 Qa4 22. Bc2 dxc4 23. Rxb6 Qd7 24. Rd6 Qc7 25. Rxe6 cxd4 26. exd4 Rxa2 27. Rxh6 f4 28. Rh8+ Kf7 29. Qh5+ Ke6 30. Rg6+ Kd5 31. Rd6+ Qxd6 32. exd6+ Kxd4 33. Rxf8 Rxc2 34. Rxf4+ Kc3 35. Qe5+ Kb4 36. Rf2 Rc1+ 37. Rf1 Rc2 38. Qe1+ Kc5 39. Qe5+ Kb6 40. Qd4+ Kb5 41. Rb1+ Kc6 42. Qb6+ Kd5 43. Qxb7+ Kxd6 44. Qb6+ Kd5 45. Qb5+ Kd4 46. Rd1+ Kc3 47. Qe5+ Kb3 48. Rb1+ Ka3 49. Qa5# 1-0

[Event "Titled Tuesday intern op 20th Jun Late"]
[Site "Chess.com INT"]
[Date "2023.06.20"]
[Round "8"]
[White "Krishnakumar, Sriram"]
[Black "Prieto Aranguren, Alain"]
[Result "1-0"]
[WhiteElo "2187"]
[BlackElo "2258"]
[PlyCount "43"]
[EventDate "2023.06.20"]
[EventType "swiss (blitz)"]
[EventRounds "11"]
[EventCountry "USA"]
[SourceTitle "EXT 2024"]
[Source "ChessBase"]
[SourceDate "2023.10.10"]
[SourceVersion "1"]
[SourceVersionDate "2023.10.10"]
[SourceQuality "1"]

1. e4 c6 2. d4 d5 3. e5 Bf5 4. h4 h5 5. Bd3 Bxd3 6. Qxd3 e6 7. Bg5 Qb6 8. Nd2 c5 9. Ngf3 Nc6 10. c4 cxd4 11. cxd5 Nb4 12. Qc4 exd5 13. Qb3 Qa6 14. Nxd4 Nd3+ 15. Kf1 Nxe5+ 16. Kg1 Nc4 17. Nb5 Nxd2 18. Bxd2 0-0-0 19. Rc1+ Kd7 20. Qxd5+ Ke8 21. Nc7+ Ke7 22. Re1+ 1-0

[Event "Titled Tuesday intern op 20th Jun Late"]
[Site "Chess.com INT"]
[Date "2023.06.20"]
[Round "11"]
[White "Spata, German"]
[Black "Krishnakumar, Sriram"]
[Result "1-0"]
[WhiteElo "2376"]
[BlackElo "2187"]
[PlyCount "109"]
[EventDate "2023.06.20"]
[EventType "swiss (blitz)"]
[EventRounds "11"]
[EventCountry "USA"]
[SourceTitle "EXT 2024"]
[Source "ChessBase"]
[SourceDate "2023.10.10"]
[SourceVersion "1"]
[SourceVersionDate "2023.10.10"]
[SourceQuality "1"]

1. b3 g6 2. Bb2 Nf6 3. Nf3 Bg7 4. e3 0-0 5. Be2 d5 6. 0-0 c5 7. c4 e6 8. cxd5 exd5 9. d4 b6 10. Nc3 Bb7 11. Rc1 Nbd7 12. dxc5 bxc5 13. Na4 Rc8 14. Ba3 Ne4 15. Nd2 Qe7 16. Nxe4 dxe4 17. Qc2 Be5 18. Nxc5 Nxc5 19. Bxc5 Qc7 20. g3 Bd6 21. b4 Bxc5 22. bxc5 Qa5 23. Rfd1 Rc7 24. Bg4 f5 25. Qc4+ Kh8 26. Qd4+ Kg8 27. Be2 Ba6 28. Bc4+ Bxc4 29. Qxc4+ Kg7 30. c6 Qe5 31. Rd7+ Rxd7 32. cxd7 Rd8 33. Qc7 Qe7 34. Rd1 a6 35. Qc3+ Qf6 36. Qc7 Qe7 37. h4 h5 38. a4 a5 39. Rd6 Kh7 40. Qc6 Qf7 41. Qc7 Qe7 42. Kg2 Kg7 43. Qc3+ Kh7 44. Qd4 Qf7 45. Qa7 Qe7 46. Qxa5 Rxd7 47. Rxd7 Qxd7 48. Qb5 Qd1 49. Qb7+ Kh6 50. Qc8 Qf3+ 51. Kg1 Qd1+ 52. Kh2 Kh7 53. Qc7+ Kh6 54. Qb8 Qf3 55. Qh8# 1-0

[Event "Titled Tuesday intern op 13th Jun Late"]
[Site "Chess.com INT"]
[Date "2023.06.13"]
[Round "3"]
[White "Goryachkina, Aleksandra"]
[Black "Krishnakumar, Sriram"]
[Result "1-0"]
[WhiteElo "2557"]
[BlackElo "2187"]
[PlyCount "185"]
[EventDate "2023.06.13"]
[EventType "swiss (blitz)"]
[EventRounds "11"]
[EventCountry "USA"]
[SourceTitle "EXT 2024"]
[Source "ChessBase"]
[SourceDate "2023.10.10"]
[SourceVersion "1"]
[SourceVersionDate "2023.10.10"]
[SourceQuality "1"]

1. e4 e5 2. Nf3 Nc6 3. Bc4 Bc5 4. c3 Nf6 5. d3 d6 6. h3 a5 7. Nbd2 h6 8. Nf1 Be6 9. Bb5 Qe7 10. Ng3 g6 11. 0-0 Bd7 12. d4 Bb6 13. a4 Nb8 14. Bd3 Nc6 15. Bc2 0-0-0 16. d5 Nb8 17. b4 g5 18. Nd2 g4 19. h4 h5 20. Nc4 Ba7 21. Be3 Bxe3 22. Nxe3 Ne8 23. Nef5 Bxf5 24. Nxf5 Qf8 25. bxa5 Ng7 26. Bd3 Nxf5 27. exf5 Qe7 28. g3 Kd7 29. Rb1 Na6 30. Rxb7 Nc5 31. Rb1 Ke8 32. a6 f6 33. Bb5+ Kf7 34. Bc6 Ra8 35. Bxa8 Rxa8 36. Qe2 Rxa6 37. Ra1 Qd8 38. Rfb1 Qa8 39. Qc4 Ra5 40. Rb5 Ra7 41. a5 Ra6 42. Rxc5 dxc5 43. d6+ Kg7 44. dxc7 Rc6 45. a6 Rxc7 46. Qb5 Ra7 47. Qb6 c4 48. Qb5 Qc8 49. Qa5 Qc6 50. Ra4 Rd7 51. Ra1 Ra7 52. Qa4 Qxa4 53. Rxa4 Kf7 54. Kf1 Ke7 55. Ke2 Kd6 56. Rxc4 Rxa6 57. Rb4 Ra2+ 58. Ke3 Ra3 59. Rc4 Ra2 60. Rc8 Ra3 61. Kd3 Ra2 62. Ke3 Ra3 63. f3 gxf3 64. Kxf3 Kd5 65. g4 hxg4+ 66. Kxg4 e4 67. h5 e3 68. Kf3 Ra7 69. Kxe3 Rh7 70. Rf8 Ke5 71. Rc8 Rxh5 72. Rc5+ Kd6 73. Ra5 Rh3+ 74. Kd4 Rh4+ 75. Kd3 Rf4 76. c4 Rh4 77. Kc3 Kc6 78. Kb4 Kc7 79. Ra6 Rh6 80. c5 Rh4+ 81. Kb5 Rh6 82. Ra7+ Kd8 83. Rf7 Rh1 84. Rxf6 Rb1+ 85. Kc6 Rd1 86. Rd6+ Rxd6+ 87. Kxd6 Ke8 88. c6 Kd8 89. f6 Kc8 90. f7 Kb8 91. f8Q+ Ka7 92. Qe7+ Kb6 93. Qb7+ 1-0

[Event "Titled Tuesday intern op 13th Jun Late"]
[Site "Chess.com INT"]
[Date "2023.06.13"]
[Round "1"]
[White "Kovalev, Vladislav"]
[Black "Krishnakumar, Sriram"]
[Result "1-0"]
[WhiteElo "2620"]
[BlackElo "2187"]
[PlyCount "89"]
[EventDate "2023.06.13"]
[EventType "swiss (blitz)"]
[EventRounds "11"]
[EventCountry "USA"]
[SourceTitle "EXT 2024"]
[Source "ChessBase"]
[SourceDate "2023.10.10"]
[SourceVersion "1"]
[SourceVersionDate "2023.10.10"]
[SourceQuality "1"]

1. e4 e5 2. Nf3 Nc6 3. Bb5 a6 4. Ba4 Nf6 5. 0-0 b5 6. Bb3 Bc5 7. a4 Rb8 8. c3 d6 9. d4 Bb6 10. a5 Ba7 11. Be3 Qe7 12. h3 0-0 13. Re1 Rd8 14. Nbd2 Bb7 15. Qe2 exd4 16. cxd4 Nb4 17. d5 Bxe3 18. Qxe3 c5 19. dxc6 Nxc6 20. Nh4 Ne5 21. Nf5 Qf8 22. Rad1 Nc4 23. Nxc4 bxc4 24. Bc2 g6 25. Qd4 Nh5 26. Nxd6 Nf4 27. Qe5 Ne6 28. Nxc4 Rdc8 29. b3 Rc5 30. Qf6 Rd8 31. Rxd8 Qxd8 32. Qxd8+ Nxd8 33. Rd1 Nc6 34. Rd7 Bc8 35. Rc7 Be6 36. Bd3 Kf8 37. b4 Nxb4 38. Rxc5 Nxd3 39. Rc7 Bxc4 40. Rxc4 Ke7 41. Rc6 Nb4 42. Rb6 Nd3 43. Rxa6 Nc5 44. Rb6 Nxe4 45. a6 1-0

[Event "Titled Tuesday intern op 06th Jun Late"]
[Site "Chess.com INT"]
[Date "2023.06.06"]
[Round "9"]
[White "Krishnakumar, Sriram"]
[Black "Annaberdiev, Meilis"]
[Result "0-1"]
[WhiteElo "2187"]
[BlackElo "2504"]
[PlyCount "62"]
[EventDate "2023.06.06"]
[EventType "swiss (blitz)"]
[EventRounds "11"]
[EventCountry "USA"]
[SourceTitle "EXT 2024"]
[Source "ChessBase"]
[SourceDate "2023.10.10"]
[SourceVersion "1"]
[SourceVersionDate "2023.10.10"]
[SourceQuality "1"]

1. e4 c5 2. Nf3 Nc6 3. Bb5 d6 4. 0-0 Bd7 5. Re1 Nf6 6. c3 a6 7. Bf1 Bg4 8. d4 Bxf3 9. gxf3 cxd4 10. cxd4 e5 11. d5 Nd4 12. Be3 Be7 13. Nd2 0-0 14. Nb3 Nxb3 15. Qxb3 Nh5 16. Qxb7 Bg5 17. Qb3 Bf4 18. h3 Rb8 19. Qc2 Qg5+ 20. Bg2 f5 21. Qe2 Bxe3 22. fxe3 f4 23. h4 Qxh4 24. Qf2 Qg5 25. exf4 Nxf4 26. Kf1 Rf6 27. Rac1 Nd3 28. Qc2 Rxb2 29. Qc8+ Rf8 30. Qe6+ Kh8 31. Re2 Qxc1+ 0-1

[Event "Titled Tuesday intern op 06th Jun Late"]
[Site "Chess.com INT"]
[Date "2023.06.06"]
[Round "10"]
[White "Lalanne, Pablo"]
[Black "Krishnakumar, Sriram"]
[Result "1/2-1/2"]
[WhiteElo "2208"]
[BlackElo "2187"]
[PlyCount "169"]
[EventDate "2023.06.06"]
[EventType "swiss (blitz)"]
[EventRounds "11"]
[EventCountry "USA"]
[SourceTitle "EXT 2024"]
[Source "ChessBase"]
[SourceDate "2023.10.10"]
[SourceVersion "1"]
[SourceVersionDate "2023.10.10"]
[SourceQuality "1"]

1. e4 e5 2. Nf3 Nc6 3. Bb5 a6 4. Ba4 Nf6 5. 0-0 b5 6. Bb3 Bc5 7. a4 Rb8 8. c3 d6 9. d4 Bb6 10. a5 Ba7 11. h3 h6 12. Be3 0-0 13. Nbd2 Re8 14. Qc2 Bb7 15. d5 Bxe3 16. dxc6 Bxd2 17. cxb7 Bf4 18. g3 Rxb7 19. gxf4 exf4 20. Rfe1 c5 21. Qd2 c4 22. Bc2 Rbe7 23. Qxf4 Nh5 24. Qg4 Nf6 25. Qh4 Qa8 26. Rad1 Nxe4 27. Bxe4 Rxe4 28. Rxe4 Rxe4 29. Qg3 Re6 30. Rd4 h5 31. Qf4 Rf6 32. Qe4 Qxe4 33. Rxe4 Rxf3 34. Re8+ Kh7 35. Ra8 Rd3 36. Rxa6 Rd1+ 37. Kg2 Ra1 38. Rxd6 Rxa5 39. h4 Ra2 40. Rd2 b4 41. cxb4 c3 42. Rd3 c2 43. Rc3 Rxb2 44. b5 g6 45. b6 Kg7 46. b7 Rxb7 47. Rxc2 Rb4 48. Kg3 Rg4+ 49. Kh3 Rf4 50. Kg3 Rf5 51. f3 Ra5 52. Rc6 f6 53. Rc7+ Kh6 54. Rc6 Rf5 55. Ra6 Kh7 56. Ra7+ Kh6 57. Ra6 g5 58. hxg5+ Kxg5 59. Ra8 h4+ 60. Kg2 Kf4 61. Ra4+ Kg5 62. Rg4+ Kh5 63. Ra4 h3+ 64. Kxh3 Rxf3+ 65. Kg2 Rf5 66. Kg3 Rg5+ 67. Kf3 Rb5 68. Rc4 Kg5 69. Ra4 Rb3+ 70. Kf2 f5 71. Rc4 f4 72. Rc8 Rb2+ 73. Kf3 Rb3+ 74. Kf2 Kg4 75. Rg8+ Kf5 76. Rf8+ Ke4 77. Re8+ Kd4 78. Rd8+ Ke5 79. Re8+ Kd6 80. Rf8 Ke5 81. Re8+ Kd4 82. Rd8+ Kc4 83. Rf8 f3 84. Rxf3 Rxf3+ 85. Kxf3 1/2-1/2

[Event "North American op 32nd"]
[Site "Las Vegas"]
[Date "2022.12.29"]
[Round "8"]
[White "Krishnakumar, Sriram"]
[Black "Liang, Jason"]
[Result "0-1"]
[WhiteElo "2203"]
[BlackElo "2514"]
[PlyCount "58"]
[EventDate "2022.12.26"]
[EventType "swiss"]
[EventRounds "9"]
[EventCountry "USA"]
[SourceTitle "CBM 211 Extra"]
[Source "ChessBase"]
[SourceDate "2023.01.31"]
[SourceVersion "1"]
[SourceVersionDate "2023.01.31"]
[SourceQuality "1"]

1. e4 c6 2. d4 d5 3. e5 Bf5 4. h4 h5 5. Bd3 Bxd3 6. Qxd3 Qa5+ 7. Nd2 e6 8. Ngf3 Nh6 9. 0-0 Nf5 10. Nb3 Qb5 11. Qd1 c5 12. dxc5 Bxc5 13. a4 Qb6 14. Nxc5 Qxc5 15. b3 Nc6 16. Bb2 0-0-0 17. Qd2 Kb8 18. Rfc1 Rh6 19. a5 Rg6 20. Kh2 d4 21. Qe2 Rg4 22. g3 Qd5 23. Re1 g5 24. hxg5 h4 25. Kh3 Nxg3 26. fxg3 Rxg3+ 27. Kxh4 Rxf3 28. Qe4 Rh8+ 29. Kg4 Rfh3 0-1

[Event "North American op 32nd"]
[Site "Las Vegas"]
[Date "2022.12.28"]
[Round "5"]
[White "Raja, Harshit"]
[Black "Krishnakumar, Sriram"]
[Result "1-0"]
[WhiteElo "2457"]
[BlackElo "2203"]
[PlyCount "57"]
[EventDate "2022.12.26"]
[EventType "swiss"]
[EventRounds "9"]
[EventCountry "USA"]
[SourceTitle "CBM 211 Extra"]
[Source "ChessBase"]
[SourceDate "2023.01.31"]
[SourceVersion "1"]
[SourceVersionDate "2023.01.31"]
[SourceQuality "1"]

1. e4 e5 2. Nf3 Nc6 3. Bb5 a6 4. Ba4 Nf6 5. 0-0 b5 6. Bb3 Bc5 7. a4 Rb8 8. c3 d6 9. d4 Bb6 10. a5 Ba7 11. h3 exd4 12. cxd4 0-0 13. Nc3 h6 14. Be3 Re8 15. e5 Nh7 16. Qc1 dxe5 17. dxe5 Bxe3 18. Qxe3 Be6 19. Bc2 Nf8 20. Be4 Ne7 21. Rfd1 Qc8 22. Rac1 Nd7 23. Ne2 c5 24. Nf4 c4 25. Nxe6 fxe6 26. Rd6 Nc5 27. Nd4 Nd5 28. Bxd5 exd5 29. Rc6 1-0

[Event "North American op 32nd"]
[Site "Las Vegas"]
[Date "2022.12.27"]
[Round "3"]
[White "Antipov, Mikhail Al"]
[Black "Krishnakumar, Sriram"]
[Result "1-0"]
[WhiteElo "2600"]
[BlackElo "2203"]
[PlyCount "101"]
[EventDate "2022.12.26"]
[EventType "swiss"]
[EventRounds "9"]
[EventCountry "USA"]
[SourceTitle "CBM 211 Extra"]
[Source "ChessBase"]
[SourceDate "2023.01.31"]
[SourceVersion "1"]
[SourceVersionDate "2023.01.31"]
[SourceQuality "1"]

1. d4 d5 2. c4 c6 3. Nf3 Nf6 4. e3 Bf5 5. Nc3 e6 6. Nh4 Be4 7. f3 Bg6 8. Qb3 Qb6 9. Bd2 Qxb3 10. axb3 Bc2 11. e4 dxe4 12. Rc1 e3 13. Bxe3 Bxb3 14. Ne4 a5 15. Kf2 a4 16. Nd2 Bb4 17. Nxb3 axb3 18. Be2 Nbd7 19. Rhd1 Ra2 20. Rb1 0-0 21. Rd3 c5 22. Rxb3 cxd4 23. Bxd4 Bc5 24. Bxc5 Nxc5 25. Rb5 Na4 26. g4 Rd8 27. Ke3 b6 28. Ng2 Ne8 29. Nf4 Nc7 30. Rb3 Na6 31. Nd3 N6c5 32. Nxc5 bxc5 33. Rd1 Ra8 34. Rd2 g5 35. Rb7 h6 36. Bd1 e5 37. h3 Ra6 38. Rd8+ Kg7 39. Rdd7 Rf6 40. Bb3 Ra1 41. Ra7 Nb6 42. Rxf7+ Rxf7 43. Rxa1 Nc8 44. Bc2 Nd6 45. b3 Rf4 46. Ra5 Nb7 47. Rb5 Rf7 48. Be4 Nd6 49. Rxc5 Kf6 50. Rc6 Ke7 51. Rc7+ 1-0

[Event "Charlotte CCCSA Fall IM-E"]
[Site "Charlotte"]
[Date "2022.11.22"]
[Round "9"]
[White "Kunka, Harshid"]
[Black "Krishnakumar, Sriram"]
[Result "1-0"]
[WhiteElo "2236"]
[BlackElo "2248"]
[PlyCount "75"]
[EventDate "2022.11.18"]
[EventType "tourn"]
[EventRounds "9"]
[EventCountry "USA"]
[SourceTitle "CBM 211 Extra"]
[Source "ChessBase"]
[SourceDate "2023.01.31"]
[SourceVersion "1"]
[SourceVersionDate "2023.01.31"]
[SourceQuality "1"]

1. e4 e5 2. Nf3 Nc6 3. Bb5 Bc5 4. c3 Nf6 5. 0-0 0-0 6. d4 Bb6 7. Bg5 h6 8. Bh4 d6 9. Qc1 Bd7 10. dxe5 Nxe5 11. Nxe5 Bxb5 12. Ng4 Nxg4 13. Bxd8 Bxf1 14. Bh4 Bd3 15. Qd1 Ne5 16. Bg3 Bxe4 17. Nd2 Bd5 18. Qc2 Ng6 19. b4 Be6 20. c4 Bd4 21. Re1 Rae8 22. Nf3 Bf6 23. h4 Bg4 24. Rxe8 Rxe8 25. Qa4 Re2 26. Qxa7 Bxf3 27. gxf3 Nxh4 28. Qxb7 Rxa2 29. Qxc7 Ra1+ 30. Kh2 Nxf3+ 31. Kg2 Ne1+ 32. Kh3 h5 33. Qc8+ Kh7 34. Qf5+ Kg8 35. Qxh5 Nc2 36. Qb5 Rh1+ 37. Kg2 Rb1 38. Qe8+ 1-0

[Event "Speed Chess Q2"]
[Site "Chess.com INT"]
[Date "2022.11.12"]
[Round "4"]
[White "Krishnakumar, Sriram"]
[Black "Goroshkov, Maksym"]
[Result "0-1"]
[WhiteElo "2248"]
[BlackElo "2261"]
[PlyCount "116"]
[EventDate "2022.11.12"]
[EventType "swiss (blitz)"]
[EventRounds "14"]
[EventCountry "USA"]
[SourceTitle "CBM 211 Extra"]
[Source "ChessBase"]
[SourceDate "2023.01.31"]
[SourceVersion "1"]
[SourceVersionDate "2023.01.31"]
[SourceQuality "1"]

1. e4 e5 2. Nf3 d6 3. d4 Bg4 4. dxe5 Nd7 5. exd6 Bxd6 6. h3 Bh5 7. Be2 Ngf6 8. Nc3 Qe7 9. Nd2 Bg6 10. Bf3 0-0-0 11. 0-0 Bf4 12. Qe2 Ne5 13. Nc4 Nxf3+ 14. Qxf3 Bxc1 15. Raxc1 Bxe4 16. Nxe4 Qxe4 17. Qxe4 Nxe4 18. Rfe1 Rhe8 19. Rcd1 Rxd1 20. Rxd1 Nf6 21. Kf1 Re4 22. b3 b6 23. a4 a5 24. Re1 Rxe1+ 25. Kxe1 Kd7 26. Ke2 Ke6 27. Kd3 Nd5 28. g3 Nb4+ 29. Kd2 Kd5 30. c3 Nc6 31. Ke3 f6 32. Na3 Ne7 33. Nb5 Kc6 34. Ke4 Kd7 35. b4 c6 36. Nd4 Nd5 37. bxa5 Nxc3+ 38. Kd3 Nxa4 39. axb6 Nxb6 40. Nf5 g6 41. Ne3 Ke6 42. h4 c5 43. g4 f5 44. gxf5+ gxf5 45. Ng2 Ke5 46. h5 Nd5 47. Kc4 Nf4 48. Ne3 Ke4 49. Kxc5 Nd3+ 50. Kd6 Nxf2 51. Nd5 f4 52. Nf6+ Kf5 53. Nxh7 f3 54. h6 Ne4+ 55. Ke7 f2 56. Nf8 Ng5 57. h7 Nxh7 58. Nxh7 f1Q 0-1

[Event "Speed Chess Q2"]
[Site "Chess.com INT"]
[Date "2022.11.12"]
[Round "3"]
[White "Krishnakumar, Sriram"]
[Black "Rustemov, Alexander"]
[Result "0-1"]
[WhiteElo "2248"]
[BlackElo "2525"]
[PlyCount "128"]
[EventDate "2022.11.12"]
[EventType "swiss (blitz)"]
[EventRounds "14"]
[EventCountry "USA"]
[SourceTitle "CBM 211 Extra"]
[Source "ChessBase"]
[SourceDate "2023.01.31"]
[SourceVersion "1"]
[SourceVersionDate "2023.01.31"]
[SourceQuality "1"]

1. e4 e6 2. d4 d5 3. Nc3 dxe4 4. Nxe4 Bd7 5. Nf3 Bc6 6. Bd3 Nd7 7. 0-0 Ngf6 8. Ng3 Be7 9. c4 0-0 10. h3 b6 11. Qe2 Bb7 12. Rd1 c5 13. Be3 Qc7 14. Rac1 Rfd8 15. Bb1 h6 16. dxc5 bxc5 17. Ne1 a5 18. Qc2 a4 19. Nd3 Qc6 20. f3 Qc7 21. Nf4 Bd6 22. Ngh5 Kf8 23. Qd2 Be5 24. Nxf6 Nxf6 25. Nd3 Bd4 26. Qf2 e5 27. f4 Ne4 28. Qe1 exf4 29. Bxd4 Rxd4 30. Nf2 Nxf2 31. Qxf2 Rad8 32. Rxd4 Rxd4 33. b4 axb3 34. axb3 Qd6 35. Bf5 Rd2 36. Qe1 Rxg2+ 37. Kf1 Rh2 38. Be4 Bc8 39. Rd1 Qf6 40. Bg2 Bxh3 41. Bxh3 Rxh3 42. Kg2 Rg3+ 43. Kf1 Qh4 44. Qf2 Qh3+ 45. Ke1 Re3+ 46. Kd2 Rd3+ 47. Kc2 Rc3+ 48. Kd2 Qd3+ 49. Ke1 Qe3+ 50. Qxe3 Rxe3+ 51. Kf2 Rxb3 52. Rd5 g5 53. Rxc5 Kg7 54. Rc7 Kg6 55. c5 Rc3 56. c6 g4 57. Rc8 Rc2+ 58. Kf1 Kf5 59. c7 f6 60. Rh8 Rxc7 61. Rxh6 f3 62. Rh5+ Kf4 63. Ra5 Rc1+ 64. Kf2 g3# 0-1

[Event "Hollywood Classic 3rd"]
[Site "Los Angeles"]
[Date "2022.08.07"]
[Round "9"]
[White "Stearman, Josiah P"]
[Black "Krishnakumar, Sriram"]
[Result "1-0"]
[WhiteElo "2386"]
[BlackElo "2312"]
[PlyCount "135"]
[EventDate "2022.08.03"]
[EventType "swiss"]
[EventRounds "9"]
[EventCountry "USA"]
[SourceTitle "CBM 209 Extra"]
[Source "ChessBase"]
[SourceDate "2022.09.30"]
[SourceVersion "1"]
[SourceVersionDate "2022.09.30"]
[SourceQuality "1"]

1. e4 e5 2. Nf3 Nc6 3. Bb5 a6 4. Ba4 Nf6 5. 0-0 b5 6. Bb3 Bc5 7. c3 d6 8. d4 Bb6 9. Be3 0-0 10. Nbd2 Rb8 11. a3 h6 12. h3 Re8 13. Re1 exd4 14. cxd4 d5 15. e5 Ne4 16. Bc2 Bf5 17. Nb3 f6 18. Nh4 Be6 19. f3 fxe5 20. Ng6 exd4 21. Nxd4 Nxd4 22. Bxd4 Bxd4+ 23. Qxd4 Qf6 24. Qxf6 Nxf6 25. b4 Nd7 26. a4 a5 27. axb5 axb4 28. Ra7 Bf7 29. Rxe8+ Bxe8 30. Ne7+ Kf8 31. Nxd5 Bf7 32. Nxb4 Rxb5 33. Rxc7 Rxb4 34. Rxd7 Rb2 35. Be4 Be6 36. Rc7 Rd2 37. Kh2 Rd7 38. Rc8+ Ke7 39. Kg3 Rd2 40. Rc7+ Rd7 41. Rc2 Kf6 42. Kf4 Rd6 43. g4 g5+ 44. Kg3 Rb6 45. Rc7 Bf7 46. h4 Bg6 47. Bd5 Rd6 48. Bc4 Be8 49. Rh7 Kg6 50. Re7 Bc6 51. h5+ Kf6 52. Rf7+ Ke5 53. Bb3 Rf6 54. Re7+ Kd4 55. Bd1 Bd5 56. Kf2 Bc6 57. Re3 Kc5 58. Bc2 Bd7 59. Kg3 Bc6 60. Bf5 Kd6 61. f4 gxf4+ 62. Kxf4 Bd5 63. Ra3 Ke7 64. Ke5 Bb7 65. Ra7 Rb6 66. Bc8 Rb5+ 67. Kf4 Rb4+ 68. Kg3 1-0

[Event "Hollywood Classic 3rd"]
[Site "Los Angeles"]
[Date "2022.08.06"]
[Round "7"]
[White "Krishnakumar, Sriram"]
[Black "Xie, Bryan"]
[Result "1-0"]
[WhiteElo "2312"]
[BlackElo "2157"]
[PlyCount "69"]
[EventDate "2022.08.03"]
[EventType "swiss"]
[EventRounds "9"]
[EventCountry "USA"]
[SourceTitle "CBM 209 Extra"]
[Source "ChessBase"]
[SourceDate "2022.09.30"]
[SourceVersion "1"]
[SourceVersionDate "2022.09.30"]
[SourceQuality "1"]

1. e4 c5 2. Nf3 e6 3. d4 cxd4 4. Nxd4 Nc6 5. Nc3 Qc7 6. Be3 a6 7. Qf3 Nf6 8. 0-0-0 Ne5 9. Qg3 b5 10. f4 Neg4 11. Bg1 h5 12. e5 b4 13. Na4 Nd5 14. h3 Nh6 15. f5 Bb7 16. Kb1 Nxf5 17. Nxf5 exf5 18. Bd4 Rc8 19. Qf2 Qa5 20. Nb6 Nxb6 21. Bxb6 Qxe5 22. Bxa6 Bxa6 23. Rhe1 Qe6 24. Qxf5 Be7 25. Rxe6 dxe6 26. Qa5 Bb7 27. Qa7 Bc6 28. Bc5 Bxc5 29. Qxc5 Bb7 30. Qxb4 Bxg2 31. Qd6 Bd5 32. c4 Rd8 33. Qf4 Be4+ 34. Kc1 Rxd1+ 35. Kxd1 1-0

[Event "Hollywood Classic 3rd"]
[Site "Los Angeles"]
[Date "2022.08.05"]
[Round "4"]
[White "Georgiev, Vladimir"]
[Black "Krishnakumar, Sriram"]
[Result "1-0"]
[WhiteElo "2441"]
[BlackElo "2312"]
[PlyCount "147"]
[EventDate "2022.08.03"]
[EventType "swiss"]
[EventRounds "9"]
[EventCountry "USA"]
[SourceTitle "CBM 209 Extra"]
[Source "ChessBase"]
[SourceDate "2022.09.30"]
[SourceVersion "1"]
[SourceVersionDate "2022.09.30"]
[SourceQuality "1"]

1. d4 d5 2. Bf4 Nf6 3. e3 e6 4. Nf3 Bd6 5. Nbd2 0-0 6. Bd3 c5 7. dxc5 Bxc5 8. 0-0 Nbd7 9. Qe2 Qe7 10. Bg5 h6 11. Bh4 e5 12. e4 d4 13. Bc4 Re8 14. Bb3 Nf8 15. Bg3 Ng6 16. Nh4 Nxh4 17. Bxh4 g5 18. Bg3 Bg4 19. Qd3 Nd7 20. Rfe1 Bb4 21. c3 dxc3 22. bxc3 Nc5 23. Qc2 Nxb3 24. axb3 Bd6 25. Nc4 Bc7 26. Ne3 Be6 27. c4 Bd6 28. Nd5 Bxd5 29. exd5 Qc7 30. Qf5 Kg7 31. h4 f6 32. h5 Qf7 33. Bh2 Bb4 34. Red1 Qxh5 35. d6 Bc3 36. Rac1 Bb2 37. Rb1 Bd4 38. c5 Rad8 39. b4 a6 40. g4 Qf7 41. Kg2 Qd5+ 42. Qf3 Qxf3+ 43. Kxf3 Kf7 44. Ke4 Ke6 45. f4 gxf4 46. Bxf4 Rg8 47. Kf3 h5 48. gxh5 Rh8 49. h6 a5 50. Rxd4 exd4 51. bxa5 Rh7 52. Ke4 d3 53. Rb6 f5+ 54. Kd4 Rdd7 55. Rb3 Rd8 56. Rxd3 Ra8 57. Re3+ Kd7 58. Rb3 Ke6 59. Rb6 Rd7 60. a6 bxa6 61. Rb1 a5 62. Re1+ Kf6 63. c6 Rh7 64. Kd5 a4 65. Re6+ Kf7 66. Re7+ Kg6 67. Rxh7 Kxh7 68. c7 a3 69. Kc6 Re8 70. d7 Re6+ 71. Kb7 a2 72. d8Q a1Q 73. Qd7+ Kh8 74. c8Q+ 1-0

[Event "Titled Tuesday intern op 19th Jul Late"]
[Site "Chess.com INT"]
[Date "2022.07.19"]
[Round "6"]
[White "Krishnakumar, Sriram"]
[Black "Tanenbaum, Zachary Chen"]
[Result "0-1"]
[WhiteElo "2331"]
[BlackElo "2168"]
[PlyCount "84"]
[EventDate "2022.07.19"]
[EventType "swiss (blitz)"]
[EventRounds "11"]
[EventCountry "USA"]
[SourceTitle "EXT 2023"]
[Source "ChessBase"]
[SourceDate "2022.10.05"]
[SourceVersion "1"]
[SourceVersionDate "2022.10.05"]
[SourceQuality "1"]

1. e4 e5 2. Nf3 Nc6 3. d4 exd4 4. Nxd4 Bc5 5. Nb3 Bb4+ 6. c3 Be7 7. c4 Nf6 8. Nc3 0-0 9. Be3 Bb4 10. f3 Re8 11. Be2 Bxc3+ 12. bxc3 d6 13. 0-0 Be6 14. Nd4 Ne5 15. Nxe6 Rxe6 16. c5 Rc8 17. cxd6 cxd6 18. Bxa7 b6 19. Qd4 Nfd7 20. Rab1 Nc6 21. Qa4 Nc5 22. Qa3 Ra8 23. Bxb6 Rxa3 24. Bxd8 Nxd8 25. Rb8 Re8 26. Bb5 Rf8 27. Rd1 Ndb7 28. Rxf8+ Kxf8 29. Bc4 Rxc3 30. Bd5 Rc2 31. Rb1 Na5 32. Rb8+ Ke7 33. Ra8 Nc4 34. Ra7+ Kf6 35. Rxf7+ Ke5 36. Rxg7 Nd3 37. h4 Ne3 38. Rg5+ Kf4 39. e5 Rc1+ 40. Kh2 Nf1+ 41. Kg1 Ng3+ 42. Kh2 Rh1# 0-1

[Event "Titled Tuesday intern op 12th Jul Late"]
[Site "Chess.com INT"]
[Date "2022.07.12"]
[Round "1"]
[White "Krishnakumar, Sriram"]
[Black "Papasimakopoulos, Alexandros"]
[Result "0-1"]
[WhiteElo "2331"]
[BlackElo "2274"]
[PlyCount "70"]
[EventDate "2022.07.12"]
[EventType "swiss (blitz)"]
[EventRounds "11"]
[EventCountry "USA"]
[SourceTitle "EXT 2023"]
[Source "ChessBase"]
[SourceDate "2022.10.05"]
[SourceVersion "1"]
[SourceVersionDate "2022.10.05"]
[SourceQuality "1"]

1. e4 e6 2. d4 d5 3. Nc3 Bb4 4. exd5 exd5 5. Bd3 Nc6 6. a3 Bxc3+ 7. bxc3 Nf6 8. Rb1 0-0 9. Ne2 Re8 10. 0-0 Ne4 11. f3 Nd6 12. Bf4 b6 13. Ng3 Na5 14. Bxd6 Qxd6 15. f4 Bd7 16. Qf3 c6 17. a4 Re7 18. Nh5 Rae8 19. f5 f6 20. Qg4 Kh8 21. Qh4 Nc4 22. Bxc4 dxc4 23. Nf4 Bxf5 24. Qh5 Bxc2 25. Rb2 Bd3 26. Rf3 Re1+ 27. Kf2 Rf1+ 28. Kg3 Rxf3+ 29. gxf3 g6 30. Qh6 g5 31. Rg2 Qxf4+ 32. Kf2 Qd2+ 33. Kg3 Qf4+ 34. Kf2 Re2+ 35. Kg1 Qc1# 0-1